Clubs pro par région : Grand Est - Statistiques

Statistiques générales
  • Ce quiz a été pris 64 fois
  • Le résultat moyen est 8 sur 10
Statistiques - réponses
Dernière année Club % Correct
2024 RC Strasbourg
98%
2024 FC Metz
95%
2024 Stade de Reims
92%
2022 AS Nancy Lorraine
89%
2024 ESTAC Troyes
82%
1949 SR Colmar
80%
2013 CS Sedan Ardennes
74%
1998 FC Mulhouse
74%
1997 SAS Epinal
57%
1996 FCO Charleville
38%
Aucun quiz correspondant
Distribution des résultats
% des personnes avec chaque résultat
Percentile par nombre de réponses
Votre historique - résultats
Vous n’avez pas pris ce quiz